[Event "St Petersburg Chigorin CC-ch"]
[Site "St Petersburg"]
[Date "2009.05.20"]
[Round "2"]
[White "Pimenov, Revolt"]
[Black "Kalashnikov, Pyotr"]
[Result "1-0"]
[WhiteElo "2199"]
[BlackElo "1897"]
[PlyCount "55"]
[EventDate "2009.05.19"]
[EventType "swiss"]
[EventRounds "9"]
[EventCountry "RUS"]
[SourceTitle "CBM 130 Extra"]
[Source "ChessBase"]
[SourceDate "2009.07.02"]
[SourceVersion "2"]
[SourceVersionDate "2009.07.15"]
[SourceQuality "1"]

1. d4 Nf6 2. c4 g6 3. Nc3 Bg7 4. Bg5 0-0 5. Qd2 Re8 6. Bh6 Bh8 7. h4 d6 8. h5 Nc6 9. hxg6 fxg6 10. e4 e5 11. d5 Nd4 12. Bd3 a6 13. f3 Bd7 14. Nge2 b5 15. cxb5 axb5 16. Nxd4 exd4 17. Nxb5 Nxd5 18. Bc4 Bf6 19. Bxd5+ Kh8 20. Bxa8 Bxb5 21. Bd5 Bh4+ 22. Kd1 Qf6 23. Rxh4 Qxh4 24. Qxd4+ Re5 25. Bd2 Qh1+ 26. Kc2 Qxg2 27. f4 c5 28. Qc3 1-0

[Event "St Petersburg March op"]
[Site "St Petersburg"]
[Date "2009.03.31"]
[Round "2"]
[White "Gnidenko, Andrey"]
[Black "Kalashnikov, Pyotr"]
[Result "1-0"]
[WhiteElo "2157"]
[BlackElo "1893"]
[PlyCount "77"]
[EventDate "2009.03.30"]
[EventType "swiss"]
[EventRounds "9"]
[EventCountry "RUS"]
[SourceTitle "EXT 2012"]
[Source "ChessBase"]
[SourceDate "2011.11.24"]
[SourceVersion "1"]
[SourceVersionDate "2011.11.24"]
[SourceQuality "1"]

1. d4 Nf6 2. c4 g6 3. Nc3 d5 4. cxd5 Nxd5 5. e4 Nxc3 6. bxc3 Bg7 7. Nf3 c5 8. Be2 Nc6 9. Be3 cxd4 10. cxd4 0-0 11. 0-0 Bg4 12. d5 Bxf3 13. Bxf3 Na5 14. Rc1 b5 15. Be2 a6 16. Qd2 Nb7 17. f4 Qd7 18. e5 Rac8 19. Bf3 Rc4 20. Rxc4 bxc4 21. Qb4 Rc8 22. d6 Nd8 23. dxe7 Ne6 24. Rd1 Qc7 25. Bb6 Qb8 26. Qa5 c3 27. Bd8 c2 28. e8Q+ Bf8 29. Rc1 Rxd8 30. Qea4 Nd4 31. Qc3 Qb1 32. Qe1 Nxf3+ 33. gxf3 Qb6+ 34. Kg2 Rd4 35. Qxc2 Rxf4 36. e6 Qb7 37. Qc6 Qe7 38. exf7+ Qxf7 39. Qee6 1-0

[Event "St Petersburg March op"]
[Site "St Petersburg"]
[Date "2009.03.30"]
[Round "1"]
[White "Kalashnikov, Pyotr"]
[Black "Fateev, Michail"]
[Result "1-0"]
[WhiteElo "1893"]
[BlackElo "2095"]
[PlyCount "49"]
[EventDate "2009.03.30"]
[EventType "swiss"]
[EventRounds "9"]
[EventCountry "RUS"]
[SourceTitle "EXT 2012"]
[Source "ChessBase"]
[SourceDate "2011.11.24"]
[SourceVersion "1"]
[SourceVersionDate "2011.11.24"]
[SourceQuality "1"]

1. c4 Nf6 2. Nc3 g6 3. Nf3 Bg7 4. d4 0-0 5. g3 d6 6. Bg2 Nbd7 7. 0-0 e5 8. e4 exd4 9. Nxd4 a5 10. Be3 Nc5 11. Ndb5 Qe7 12. Bg5 Qd7 13. e5 Ne8 14. Nd5 dxe5 15. Be7 Ne6 16. Bxf8 Kxf8 17. Qb3 Kg8 18. Rad1 Nd4 19. Nxd4 exd4 20. Rfe1 a4 21. Qd3 Qd8 22. Qe2 Nd6 23. c5 d3 24. Rxd3 Bf5 25. Ne7+ 1-0

[Event "St Petersburg-ch U18"]
[Site "St Petersburg"]
[Date "2007.10.05"]
[Round "1"]
[White "Bazeev, German"]
[Black "Kalashnikov, Pyotr"]
[Result "1-0"]
[WhiteElo "2163"]
[BlackElo "2035"]
[PlyCount "49"]
[EventDate "2007.10.05"]
[EventType "swiss"]
[EventRounds "9"]
[EventCountry "RUS"]
[SourceTitle "EXT 2009"]
[Source "ChessBase"]
[SourceDate "2008.11.26"]
[SourceVersion "1"]
[SourceVersionDate "2008.11.26"]
[SourceQuality "1"]

1. e4 c5 2. Nf3 d6 3. d4 cxd4 4. Nxd4 Nf6 5. Nc3 a6 6. Bg5 e6 7. f4 Qb6 8. Qd2 Qxb2 9. Rb1 Qa3 10. Bd3 Nc6 11. Nb3 Be7 12. 0-0 0-0 13. Rbe1 h6 14. Bh4 Nxe4 15. Rxe4 d5 16. Bxe7 Nxe7 17. Ree1 b5 18. Ne2 Bd7 19. Ned4 Qd6 20. f5 e5 21. f6 exd4 22. Rxe7 Rae8 23. Rxe8 Rxe8 24. fxg7 Kxg7 25. Qf2 1-0